All 50k U.S. Cities on a Map by Letter - G - Statistics

General Stats
  • This quiz has been taken 4,276 times
    1,410 since last reset
  • The average score is 19 of 32
Answers on the Map
Answers color-coded by a green-red scale on the quiz's map according to % correct below.
 
Answer Stats
City State Population % Correct
Greensboro NC 307,381
93%
Grand Rapids MI 200,117
91%
Green Bay WI 106,311
88%
Gainesville FL 148,720
82%
Greenville NC 95,138
82%
Greenville SC 74,371
82%
Gary IN 67,555
80%
Glendale AZ 258,143
80%
Glendale CA 187,823
80%
Galveston TX 53,538
75%
Gilbert AZ 288,790
73%
Garland TX 250,431
70%
Gulfport MS 74,621
69%
Grand Junction CO 70,554
68%
Grand Forks ND 59,845
65%
Great Falls MT 60,013
64%
Greeley CO 114,363
61%
Grand Prairie TX 207,331
59%
Gresham OR 111,507
59%
Goodyear AZ 118,186
52%
Gaithersburg MD 70,686
51%
Garden Grove CA 172,361
49%
Grand Island NE 53,250
49%
Georgetown TX 101,344
47%
Gastonia NC 85,535
42%
Greenwood IN 68,175
33%
Gardena CA 58,921
29%
Gilroy CA 60,390
29%
Gallatin TN 52,489
25%
Grapevine TX 51,320
25%
Goose Creek SC 50,352
23%
Glendora CA 50,101
20%
No matching quizzes found
Score Distribution
Percent of People with Each Score
Percentile by Number Answered
Your Score History
You have not taken this quiz since the last reset